[Event "Catalunya-ch U12"]
[Site "Sabadell"]
[Date "2010.01.16"]
[Round "1"]
[White "Pocino Perez, Alex"]
[Black "Castellet Menchon, Cora"]
[Result "0-1"]
[WhiteElo "1700"]
[BlackElo "1891"]
[PlyCount "64"]
[EventDate "2010.01.16"]
[EventType "swiss"]
[EventRounds "6"]
[EventCountry "ESP"]
[SourceTitle "EXT 2024"]
[Source "ChessBase"]
[SourceDate "2023.10.10"]
[SourceVersion "1"]
[SourceVersionDate "2023.10.10"]
[SourceQuality "1"]

1. e4 c5 2. Nf3 Nc6 3. Bd3 g6 4. 0-0 Bg7 5. Nc3 e6 6. b3 Nge7 7. Ba3 b6 8. Nb5 0-0 9. Nh4 d5 10. Qf3 a6 11. Nc3 Nd4 12. Qd1 Qc7 13. exd5 exd5 14. Nf3 Bg4 15. Be2 Nxe2+ 16. Qxe2 Rfe8 17. h3 Bf5 18. Ng5 h6 19. Nf3 d4 20. Ne4 Nd5 21. Rab1 Bxe4 22. d3 Nc3 23. Qe1 Bxf3 24. gxf3 Rxe1 25. Rbxe1 Qc6 26. Bb2 Nd5 27. Bc1 Re8 28. Rxe8+ Qxe8 29. Ba3 Nf4 30. Rd1 Qe2 31. Rf1 Qxf3 32. Bxc5 Qg2# 0-1